Física térmica /

Texto sobre física térmica, disciplina que asocia la termodinámica y la mecánica estadística. Aquí se describen sus conceptos y aplicaciones a la química, la biología y la ingeniería.

Gorde:
Xehetasun bibliografikoak
Egile nagusia: Kittel, Charles (autor)
Formatua: Liburua
Hizkuntza:gaztelania
Argitaratua: Barcelona, España : Reverté, 1973, c1973
Gaiak:
Etiketak: Etiketa erantsi
Etiketarik gabe, Izan zaitez lehena erregistro honi etiketa jartzen!

MARC

LEADER 00000nam^a2200000^a^4500
001 000113988
005 20250521000000.0
009 20260310094003.777
020 |a 84-291-4076-X 
037 |a Acervo ITESO - Biblioteca 
041 |a ESP 
082 |a 536. 7  |b KIT 
100 |a Kittel, Charles  |e (autor) 
245 1 0 |a Física térmica /  |c C. Kittel ; tr. por Vicente Gandía Gomar, José Casas Vázquez. 
264 4 |a Barcelona, España :  |b Reverté,  |c 1973, c1973 
300 |a 472 p. 
336 |a texto  |b txt  |2 rdacontenido 
337 |a sin mediación  |b n  |2 rdamedio 
338 |a volumen  |b nc  |2 rdasoporte 
520 |a Texto sobre física térmica, disciplina que asocia la termodinámica y la mecánica estadística. Aquí se describen sus conceptos y aplicaciones a la química, la biología y la ingeniería. 
649 |a XX 
650 |a Termodinámica 
650 |a Calor 
650 |a Temperatura 
650 |a Mecánica Estadística 
650 |a Entropía 
650 |a Física 
600 |a Mecánica Cuántica 
910 |a Fondo General 
920 |a Impresos - Libros 
930 |a Colección General 
905 |a 101 
901 |a 0500050312  |b IT1  |c ACC  |u 20250521 
902 |a https://opac.biblio.iteso.mx/vufind/Record/000113988